000 00585nam a2200205 a 4500
005 20140310183447.0
008 081204s19uu xx 00 eng d
020 _a9780170134200
050 _aHF 5549
_b.N182 2008
100 _aNankervis, Alan
245 _aHuman resources management :
_bstrategies & processes /
_cAlan Nankervis
260 _aAustralia :
_bThomson,
_c2008.
300 _a574 p. :
_bcol. ill. ;
_c25 cm.
521 _aBSBA
650 _aPersonnel management.
700 _aCompton, Robert
700 _aBaird, Marian
942 _cBK
_2lcc
_kFOR
999 _c23281
_d23281